Código tributário nacional : (Record no. 1025)

MARC details
000 -LÍDER
Campo Fixo de Controle 00628nam a2200217 a 4500
001 - NÚMERO DE CONTROLE
Campo de Controle 1025
003 - IDENTIFICAÇÃO DO NÚMERO DE CONTROLE
Campo de Controle BR-CuiBMT
005 - DATA E HORA DA ÚLTIMA ATUALIZAÇÃO
Campo de Controle 20231126155723.0
008 - DADOS FIXOS
Dados Fixos 231126s2015 baba 000 0 por d
040 ## - AGÊNCIA CATALOGADORA
Código da Agência Catalogadora BR-CuiBMT
Agência que transcreveu o registro BR-CuiBMT
080 ## - Nº DA CLASSIFICAÇÃO DECIMAL UNIVERSAL
Nº edição CDU 2007
Nº Class. CDU 34:336.2
090 ## - NÚMERO DE CHAMADA
Nº classificação 34:336.2
Cutter R672c
Ano/Edição 3. ed.
100 1# - ENTRADA PRINCIPAL -- AUTOR PESSOAL
Nome pessoal Rocha, Roberval
245 10 - TÍTULO PRINCIPAL
Título principal Código tributário nacional :
Subtítulo para concursos
Indicação de responsabilidade Roberval Rocha
250 ## - EDIÇÃO
Edição 3. ed., rev., ampl. e atual.
260 ## - PUBLICAÇÃO, DISTRIBUIÇÃO, ETC.
Local de publicação Salvador :
Editora JusPodivm,
Data 2015.
300 ## - DESCRIÇÃO FÍSICA
N. páginas ou volumes 563 p. :
Ilustrações il. color. ;
Dimensões 25 cm
504 ## - NOTA DE BIBLIOGRAFIA, ETC.
Nota de bibliografia Inclui bibliografia.
650 ## - ASSUNTO TÓPICO
Cabeçalho tópico ou nome geográfico Código tributário
942 ## - ELEMENTOS DE ENTRADA ADICIONAIS (KOHA)
Fonte de classificação ou esquema de arquivamento Classificação Decimal Universal
Tipo de item do Koha Livros
Holdings
Estado: removido Estado: perdido Fonte de classificação ou esquema de arquivamento Estado: danificado Indisponível para empréstimo Localização permanente Localização atual Data de aquisição Total Checkouts Número de Chamada completo Código de barras Date last seen Número do exemplar Preço efetivo a partir de Tipo de item (Koha)
    Classificação Decimal Universal     Biblioteca da Escola Superior de Contas do TCE/MT Biblioteca da Escola Superior de Contas do TCE/MT 26/11/2023   34:336.2 R672c 3. ed. BIBTCEMT23111114 26/11/2023 Ex. 1 26/11/2023 Livros

Powered by Koha